Mozambique Rising : Building a New Tomorrow /

The countries in the East African Community (EAC) are among the fastest-growing economies in sub-Saharan Africa. This report highlights Mozambique's remarkably strong growth over the two decades since the end of the civil war in 1992, as well as the major challenges that remain for the country...

وصف كامل

التفاصيل البيبلوغرافية
المؤلف الرئيسي: Ross, Doris
مؤلفون آخرون: Lledo, Victor, Segura-Ubiergo, Alex, Xiao, Yuan
التنسيق: دورية
اللغة:English
منشور في: Washington, D.C. : International Monetary Fund, 2014.
سلاسل:Departmental Papers; Departmental Paper ; No. 2014/005
الوصول للمادة أونلاين:Full text available on IMF
LEADER 01595cas a2200289 a 4500
001 AALejournalIMF014354
008 230101c9999 xx r poo 0 0eng d
020 |c 20.00 USD 
020 |z 9781475517491 
022 |a 2616-5333 
040 |a BD-DhAAL  |c BD-DhAAL 
100 1 |a Ross, Doris. 
240 1 0 |a Mozambique Rising: Building a New Tomorrow.  |l Portuguese 
245 1 0 |a Mozambique Rising :   |b Building a New Tomorrow /  |c Doris Ross, Victor Lledo, Alex Segura-Ubiergo, Yuan Xiao. 
264 1 |a Washington, D.C. :  |b International Monetary Fund,  |c 2014. 
300 |a 1 online resource (190 pages) 
490 1 |a Departmental Papers 
500 |a <strong>Off-Campus Access:</strong> No User ID or Password Required 
500 |a <strong>On-Campus Access:</strong> No User ID or Password Required 
506 |a Electronic access restricted to authorized BRAC University faculty, staff and students 
520 3 |a The countries in the East African Community (EAC) are among the fastest-growing economies in sub-Saharan Africa. This report highlights Mozambique's remarkably strong growth over the two decades since the end of the civil war in 1992, as well as the major challenges that remain for the country to rise out of poverty and further its economic development. 
538 |a Mode of access: Internet 
700 1 |a Lledo, Victor. 
700 1 |a Segura-Ubiergo, Alex. 
700 1 |a Xiao, Yuan. 
830 0 |a Departmental Papers; Departmental Paper ;  |v No. 2014/005 
856 4 0 |z Full text available on IMF  |u http://elibrary.imf.org/view/journals/087/2014/005/087.2014.issue-005-pt.xml  |z IMF e-Library